000 00727nam a2200289Ia 4500
005 20260324114428.0
008 008 260324s9999 xx 000 0 eng d
020 _a9781003211587
037 _aEBOOK
040 _aCRL
040 _beng
040 _cCRL
041 _2eng
041 _aeng
084 _qCRL
100 _aV.S.K.V. Harish; Amit Vilas Sant; Arun Kumar
_91150733
245 0 _aRenewable Energy Integration with Building Energy Systems
245 2 _bA Modelling Approach
260 _bTaylor and Francis
260 _c2022
365 _a
365 _b180
856 _uhttp://www.taylorfrancis.com/books/9781003211587
942 _cEBOOK
999 _c1740918
_d1740918